Enhypen songs- sudden death - Statistics

General Stats
  • This quiz has been taken 1,813 times
  • The average score is 8 of 15
Answers on the Grid
Answers color-coded by a green-red scale on the quiz's grid according to % correct below.
Sweet Venom
Sticky
Future Perfect (Pass the Mic)
Moonstrike
Bite Me
Brought the Feet Back
Take Two (Korean Ver.)
My World
Fancy
Chamber 5 (Dream of Dreams)
Paradoxxx Invasion
One and Only
For Sale
Yes or Yes
Bills
Royalty
Coffee
Fatal Trouble
Let Me In (40 Cube)
Criminal Love
Flicker
Tooth
One In a Million
Scream
Daydream
Chk Chk Boom
Foreshadow
Regular (English Version)
Hey Tayo
Blue Hour
 
Answer Stats
Answer % Correct
Sweet Venom
94%
Bite Me
92%
Future Perfect (Pass the Mic)
71%
Paradoxxx Invasion
57%
Fatal Trouble
54%
Bills
51%
Hey Tayo
51%
Daydream
49%
Flicker
44%
Criminal Love
40%
Royalty
36%
Chamber 5 (Dream of Dreams)
34%
One and Only
34%
Scream
29%
Foreshadow
27%
No matching quizzes found
Score Distribution
Percent of People with Each Score
Percentile by Number Answered
Your Score History
You have not taken this quiz